CENTRAL BANKING AND FINANCIALIZATION A R (Record no. 30480)

MARC details
000 -LEADER
fixed length control field 00357nam a2200133Ia 4500
008 - FIXED-LENGTH DATA ELEMENTS--GENERAL INFORMATION
fixed length control field 240624s9999 xx 000 0 und d
041 ## - LANGUAGE CODE
Language code of text/sound track or separate title eng
082 ## - DEWEY DECIMAL CLASSIFICATION NUMBER
Classification number 332.11094709049 GAB
100 ## - MAIN ENTRY--PERSONAL NAME
Personal name GABOR DANIELA
245 ## - TITLE STATEMENT
Title CENTRAL BANKING AND FINANCIALIZATION A R
260 ## - PUBLICATION, DISTRIBUTION, ETC.
Date of publication, distribution, etc. 2011
Place of publication, distribution, etc. New York
Name of publisher, distributor, etc. Pan Macmillan
300 ## - PHYSICAL DESCRIPTION
Extent xi, 254 p.; 23 cm.
365 ## - TRADE PRICE
Currency code ERU
Price amount 38
Holdings
Withdrawn status Lost status Damaged status Not for loan Home library Current library Shelving location Date acquired Cost, normal purchase price Full call number Barcode Date last seen Copy number Price effective from Koha item type
        IMTN IMTN Rack 9-B 04/17/2018 109.99 332.11094709049 GAB 30480 06/24/2024 83.8 06/24/2024 Books
Designed & Maintained by: LRC IMT Nagpur Contact: lrc@imtnag.ac.in© 2024. All Rights Reserved.